000 00347nam a2200133Ia 4500
008 151001s9999||||xx |||||||||||||| ||und||
100 _aप्रभाकर पाध्ये
245 _aव्यक्तिवेध
250 _a1
260 _bकेशरी प्रकाशन
260 _c1973
300 _a200
365 _b18
999 _c955688
_d955685